[Event "2023 National K-12 Grade Championships"]
[Site "Orlando, Florida, United States"]
[Date "2023.12.15"]
[Round "2.5"]
[White "Casenas, Luis-Joshua"]
[Black "Chasin, Nico Werner"]
[Result "0-1"]
[TimeControl "G/90;d10"]
[WhiteElo "1928"]
[BlackElo "2514"]

1. Nf3 {[%clk 01:30:00]} {[%emt 00:00:05]} d5 {[%clk 01:27:24]} {[%emt
00:02:46]} 2. g3 {[%clk 01:29:54]} {[%emt 00:00:17]} Bg4 {[%clk 01:27:24]}
{[%emt 00:00:06]} 3. Bg2 {[%clk 01:29:35]} {[%emt 00:00:30]} Nd7 {[%clk
01:27:16]} {[%emt 00:00:18]} 4. d3 {[%clk 01:28:29]} {[%emt 00:01:17]} c6
{[%clk 01:27:11]} {[%emt 00:00:14]} 5. O-O {[%clk 01:28:21]} {[%emt 00:00:18]}
e6 {[%clk 01:27:11]} {[%emt 00:00:08]} 6. Nbd2 {[%clk 01:25:49]} {[%emt
00:02:44]} Bd6 {[%clk 01:27:11]} {[%emt 00:00:07]} 7. b3 {[%clk 01:21:33]}
{[%emt 00:04:27]} Ne7 {[%clk 01:27:07]} {[%emt 00:00:14]} 8. Bb2 {[%clk
01:18:45]} {[%emt 00:02:59]} O-O {[%clk 01:27:07]} {[%emt 00:00:03]} 9. Nh4
{[%clk 01:12:50]} {[%emt 00:06:05]} Bh5 {[%clk 01:23:06]} {[%emt 00:04:10]} 10.
Bf3 {[%clk 01:10:36]} {[%emt 00:02:25]} Bxf3 {[%clk 01:22:32]} {[%emt
00:00:43]} 11. Nhxf3 {[%clk 01:09:40]} {[%emt 00:01:07]} a5 {[%clk 01:22:32]}
{[%emt 00:00:01]} 12. a4 {[%clk 01:04:35]} {[%emt 00:05:14]} e5 {[%clk
01:21:20]} {[%emt 00:01:22]} 13. e4 {[%clk 01:00:41]} {[%emt 00:04:05]} f6
{[%clk 01:21:11]} {[%emt 00:00:18]} 14. d4 {[%clk 00:57:27]} {[%emt 00:03:26]}
Qb6 {[%clk 01:18:15]} {[%emt 00:03:05]} 15. c4 {[%clk 00:53:31]} {[%emt
00:04:06]} exd4 {[%clk 01:16:04]} {[%emt 00:02:20]} 16. Nxd4 {[%clk 00:52:03]}
{[%emt 00:01:40]} Be5 {[%clk 01:15:45]} {[%emt 00:00:27]} 17. N2f3 {[%clk
00:46:09]} {[%emt 00:06:05]} dxc4 {[%clk 01:07:33]} {[%emt 00:08:22]} 18. Nxe5
{[%clk 00:37:36]} {[%emt 00:08:43]} Nxe5 {[%clk 01:07:27]} {[%emt 00:00:15]} 19.
Ne6 {[%emt 00:02:07]} Rfd8 {[%clk 01:07:15]} 20. Nxd8 {[%clk 00:22:08]} {[%emt
00:14:03]} Rxd8 {[%clk 01:07:15]} {[%emt 00:00:01]} 21. Qe2 {[%clk 00:21:01]}
{[%emt 00:01:17]} Rd2 {[%clk 01:07:15]} {[%emt 00:00:03]} 22. Qh5 {[%clk
00:15:06]} {[%emt 00:06:05]} g6 {[%clk 01:07:15]} 23. Qh3 {[%clk 00:15:06]}
{[%emt 00:00:10]} Nf3+ {[%clk 01:07:15]} {[%emt 00:00:02]} 24. Kg2 {[%clk
00:12:09]} {[%emt 00:03:06]} Ng5 {[%clk 01:07:15]} {[%emt 00:00:02]} 25. Qg4
{[%clk 00:11:10]} {[%emt 00:01:09]} Rxb2 {[%clk 01:07:15]} {[%emt 00:00:03]} 26.
h4 {[%clk 00:08:46]} {[%emt 00:02:35]} Nf7 {[%clk 01:04:36]} {[%emt 00:02:49]}
27. Qe6 {[%clk 00:08:22]} {[%emt 00:00:33]} Qc5 {[%clk 01:04:36]} {[%emt
00:00:02]} 28. Rad1 {[%clk 00:06:39]} {[%emt 00:01:55]} Qe5 {[%clk 01:04:13]}
{[%emt 00:00:33]} 29. Qxc4 {[%clk 00:06:11]} {[%emt 00:00:38]} b5 {[%clk
01:02:34]} {[%emt 00:01:49]} 30. axb5 {[%clk 00:04:52]} {[%emt 00:01:28]} cxb5
{[%clk 01:00:59]} {[%emt 00:01:45]} 31. Qd3 {[%clk 00:04:52]} {[%emt 00:00:05]}
Kg7 {[%clk 01:00:58]} {[%emt 00:00:11]} 32. Rb1 {[%clk 00:04:30]} {[%emt
00:00:33]} Ra2 {[%clk 01:00:58]} {[%emt 00:00:01]} 33. Rbd1 {[%clk 00:03:38]}
{[%emt 00:01:03]} b4 {[%clk 01:00:31]} {[%emt 00:00:35]} 34. Rfe1 {[%clk
00:03:00]} {[%emt 00:00:49]} Qc5 {[%clk 01:00:14]} {[%emt 00:00:26]} 35. Re2
{[%clk 00:02:50]} {[%emt 00:00:21]} Ne5 {[%clk 01:00:14]} {[%emt 00:00:03]} 36.
Qa6 {[%clk 00:02:27]} {[%emt 00:00:34]} Rxe2 {[%clk 00:58:53]} {[%emt
00:01:31]} 37. Qxe2 {[%clk 00:02:27]} {[%emt 00:00:02]} Qc3 {[%clk 00:58:53]}
38. f4 {[%clk 00:02:16]} {[%emt 00:00:22]} N5c6 {[%clk 00:58:53]} {[%emt
00:00:07]} 39. Rd3 {[%clk 00:02:00]} {[%emt 00:00:27]} Qc5 {[%clk 00:58:53]}
{[%emt 00:00:03]} 40. Qd2 {[%clk 00:02:00]} {[%emt 00:00:10]} h5 {[%clk
00:57:59]} {[%emt 00:01:04]} 41. Qd1 {[%clk 00:01:45]} {[%emt 00:00:25]} Kf8
{[%clk 00:56:44]} {[%emt 00:01:25]} 42. Qd2 {[%clk 00:01:45]} {[%emt 00:00:07]}
Kf7 {[%clk 00:55:56]} {[%emt 00:00:58]} 43. Qd1 {[%clk 00:01:45]} {[%emt
00:00:09]} Nb8 {[%clk 00:55:08]} {[%emt 00:00:58]} 44. Qd2 {[%clk 00:01:33]}
{[%emt 00:00:22]} Qc6 {[%clk 00:55:08]} 45. Qe2 {[%clk 00:01:12]} {[%emt
00:00:32]} Nd7 {[%clk 00:54:24]} {[%emt 00:00:54]} 46. Kh2 {[%clk 00:01:07]}
{[%emt 00:00:15]} Nc5 {[%clk 00:54:24]} {[%emt 00:00:08]} 47. Re3 {[%clk
00:00:57]} {[%emt 00:00:20]} Ne6 {[%clk 00:54:24]} {[%emt 00:00:02]} 48. Qd2
{[%clk 00:00:56]} {[%emt 00:00:13]} Qb5 {[%clk 00:54:15]} {[%emt 00:00:18]} 49.
Rd3 {[%clk 00:00:56]} {[%emt 00:00:09]} Nc5 {[%clk 00:54:05]} {[%emt 00:00:19]}
50. Re3 {[%clk 00:00:50]} {[%emt 00:00:16]} Qc6 {[%clk 00:54:05]} {[%emt
00:00:06]} 51. Qd4 {[%clk 00:00:50]} {[%emt 00:00:11]} Nxb3 {[%clk 00:54:02]}
{[%emt 00:00:12]} 52. Qb2 {[%clk 00:00:38]} {[%emt 00:00:23]} a4 {[%clk
00:53:09]} {[%emt 00:01:03]} 53. Rxb3 {[%clk 00:00:18]} {[%emt 00:00:29]} axb3
{[%clk 00:53:09]} {[%emt 00:00:04]} 54. Qxb3+ {[%clk 00:00:18]} {[%emt
00:00:02]} Qe6 {[%clk 00:53:02]} {[%emt 00:00:17]} 55. Qxb4 {[%clk 00:00:18]}
{[%emt 00:00:05]} Qa2+ {[%clk 00:53:02]} {[%emt 00:00:02]} 56. Kh3 {[%clk
00:00:12]} {[%emt 00:00:16]} Qc2 {[%clk 00:53:02]} {[%emt 00:00:03]} 57. Qd4
{[%clk 00:00:12]} {[%emt 00:00:10]} Qe2 {[%clk 00:52:53]} {[%emt 00:00:17]} 58.
Qb4 {[%clk 00:00:12]} {[%emt 00:00:11]} Qf1+ {[%clk 00:52:36]} {[%emt
00:00:26]} 59. Kh2 {[%clk 00:00:12]} {[%emt 00:00:03]} Qf2+ {[%clk 00:52:36]}
60. Kh3 {[%clk 00:00:12]} {[%emt 00:00:05]} Qg1 {[%clk 00:52:36]} 61. Qd2
{[%clk 00:00:09]} {[%emt 00:00:14]} Qh1+ {[%clk 00:52:36]} {[%emt 00:00:03]} 62.
Qh2 {[%clk 00:00:09]} {[%emt 00:00:03]} Qxe4 {[%clk 00:52:36]} {[%emt
00:00:02]} 63. Qa2+ {[%clk 00:00:09]} {[%emt 00:00:11]} Qe6+ {[%clk 00:52:36]}
{[%emt 00:00:02]} 64. Qxe6+ {[%clk 00:00:09]} {[%emt 00:00:04]} Kxe6 {[%clk
00:52:36]} {[%emt 00:00:01]} 0-1

[Event "2023 National K-12 Grade Championships"]
[Site "Orlando, Florida, United States"]
[Date "2023.12.15"]
[Round "2.6"]
[White "Levine, Joseph"]
[Black "Vaval, Daguy"]
[Result "1-0"]
[TimeControl "G/90;d10"]
[WhiteElo "2415"]
[BlackElo "1931"]

1. e4 {[%clk 01:30:00]} {[%emt 00:00:04]} c5 {[%clk 01:30:00]} {[%emt
00:00:09]} 2. Nf3 {[%clk 01:29:57]} {[%emt 00:00:11]} Nc6 {[%clk 01:29:56]}
{[%emt 00:00:16]} 3. Nc3 {[%clk 01:29:56]} {[%emt 00:00:11]} Nf6 {[%clk
01:28:45]} {[%emt 00:01:21]} 4. Bb5 {[%clk 01:29:27]} {[%emt 00:00:39]} e6
{[%clk 01:27:57]} {[%emt 00:00:59]} 5. Bxc6 {[%clk 01:25:26]} {[%emt 00:04:12]}
bxc6 {[%clk 01:27:57]} {[%emt 00:00:08]} 6. e5 {[%clk 01:23:29]} {[%emt
00:02:07]} Nd5 {[%clk 01:27:57]} {[%emt 00:00:09]} 7. Ne4 {[%emt 00:06:20]} f5
{[%clk 01:22:31]} 8. Nd6+ {[%clk 01:17:14]} {[%emt 00:05:52]} Bxd6 {[%clk
01:22:31]} {[%emt 00:00:08]} 9. exd6 {[%clk 01:17:14]} {[%emt 00:00:03]} Qf6
{[%clk 01:22:07]} {[%emt 00:00:33]} 10. O-O {[%clk 01:12:24]} {[%emt 00:05:00]}
O-O {[%clk 01:21:09]} {[%emt 00:01:07]} 11. Re1 {[%clk 01:08:30]} {[%emt
00:04:05]} Re8 {[%clk 01:12:59]} {[%emt 00:08:19]} 12. c4 {[%clk 01:05:52]}
{[%emt 00:02:48]} Nb6 {[%clk 01:11:56]} {[%emt 00:01:13]} 13. Ne5 {[%clk
01:00:25]} {[%emt 00:05:37]} Ba6 {[%clk 01:03:52]} {[%emt 00:08:14]} 14. d3
{[%clk 00:53:00]} {[%emt 00:07:35]} Qf8 {[%clk 00:51:34]} {[%emt 00:12:28]} 15.
Qh5 {[%clk 00:50:10]} {[%emt 00:03:00]} g6 {[%clk 00:50:46]} {[%emt 00:00:59]}
16. Qg5 {[%clk 00:44:05]} {[%emt 00:06:16]} Qg7 {[%clk 00:46:35]} {[%emt
00:04:21]} 17. Qh4 {[%clk 00:34:45]} {[%emt 00:09:29]} Rf8 {[%clk 00:36:44]}
{[%emt 00:10:01]} 18. Bh6 {[%clk 00:32:26]} {[%emt 00:02:29]} Qf6 {[%clk
00:36:28]} {[%emt 00:00:24]} 19. Bg5 {[%clk 00:31:33]} {[%emt 00:01:05]} Qg7
{[%clk 00:35:32]} {[%emt 00:01:05]} 20. Qf4 {[%clk 00:30:10]} {[%emt 00:01:33]}
Rf6 {[%clk 00:32:29]} {[%emt 00:03:14]} 21. Bh6 {[%clk 00:27:18]} {[%emt
00:03:01]} Qh8 {[%clk 00:31:55]} {[%emt 00:00:42]} 22. a4 {[%clk 00:23:17]}
{[%emt 00:04:14]} Rd8 {[%clk 00:31:39]} {[%emt 00:00:25]} 23. Qh4 {[%clk
00:20:51]} {[%emt 00:02:36]} Bc8 {[%clk 00:27:28]} {[%emt 00:04:21]} 24. a5
{[%clk 00:20:31]} {[%emt 00:00:30]} Na8 {[%clk 00:27:28]} {[%emt 00:00:06]} 25.
f4 {[%clk 00:19:39]} {[%emt 00:01:02]} Rdf8 {[%clk 00:27:28]} {[%emt 00:00:10]}
26. Ra3 {[%clk 00:18:16]} {[%emt 00:01:34]} R6f7 {[%clk 00:27:20]} {[%emt
00:00:18]} 27. Rb3 {[%clk 00:17:32]} {[%emt 00:00:54]} Ba6 {[%clk 00:26:47]}
{[%emt 00:00:42]} 28. Bxf8 {[%clk 00:17:02]} {[%emt 00:00:41]} Rxf8 {[%clk
00:26:28]} {[%emt 00:00:29]} 29. Qe7 {[%clk 00:16:47]} {[%emt 00:00:25]} Qg7
{[%clk 00:26:25]} {[%emt 00:00:14]} 30. Qxg7+ {[%clk 00:16:25]} {[%emt
00:00:31]} Kxg7 {[%clk 00:26:25]} {[%emt 00:00:02]} 31. Nxd7 {[%clk 00:16:23]}
{[%emt 00:00:49]} 1-0

[Event "2023 National K-12 Grade Championships"]
[Site "Orlando, Florida, United States"]
[Date "2023.12.15"]
[Round "2.7"]
[White "Dai, Joseph"]
[Black "Kaplan, Avi Harrison"]
[Result "0-1"]
[TimeControl "G/90;d10"]
[WhiteElo "1873"]
[BlackElo "2306"]

1. e4 {[%clk 01:28:44]} {[%emt 00:01:26]} c5 {[%clk 01:29:19]} {[%emt
00:00:51]} 2. Nf3 {[%clk 01:28:44]} {[%emt 00:00:04]} d6 {[%clk 01:29:19]}
{[%emt 00:00:04]} 3. g3 {[%clk 01:28:44]} {[%emt 00:00:04]} Nf6 {[%clk
01:23:20]} {[%emt 00:06:09]} 4. Qe2 {[%clk 01:27:59]} {[%emt 00:00:55]} g6
{[%clk 01:17:58]} {[%emt 00:05:31]} 5. Bg2 {[%clk 01:27:24]} {[%emt 00:00:46]}
Bg7 {[%clk 01:17:54]} {[%emt 00:00:14]} 6. c3 {[%clk 01:27:24]} {[%emt
00:00:03]} O-O {[%clk 01:15:27]} {[%emt 00:02:37]} 7. O-O {[%clk 01:27:24]}
{[%emt 00:00:06]} Nc6 {[%clk 01:14:54]} {[%emt 00:00:43]} 8. d4 {[%clk
01:25:05]} {[%emt 00:02:29]} cxd4 {[%clk 01:09:17]} {[%emt 00:05:47]} 9. cxd4
{[%clk 01:25:05]} {[%emt 00:00:09]} Bg4 {[%clk 01:08:51]} {[%emt 00:00:35]} 10.
Rd1 {[%clk 01:18:57]} {[%emt 00:06:18]} Rc8 {[%clk 01:07:39]} {[%emt 00:01:21]}
11. Nc3 {[%clk 01:17:46]} {[%emt 00:01:22]} Qd7 {[%clk 00:58:56]} {[%emt
00:08:54]} 12. Qf1 {[%clk 01:15:26]} {[%emt 00:02:30]} Ne8 {[%clk 00:44:49]}
{[%emt 00:14:16]} 13. Be3 {[%clk 01:12:59]} {[%emt 00:02:37]} a6 {[%clk
00:34:59]} {[%emt 00:10:01]} 14. h3 {[%clk 01:11:33]} {[%emt 00:01:35]} Bxf3
{[%clk 00:34:59]} {[%emt 00:00:09]} 15. Bxf3 {[%clk 01:11:33]} {[%emt
00:00:04]} b5 {[%clk 00:32:34]} {[%emt 00:02:36]} 16. Bg4 {[%clk 01:10:15]}
{[%emt 00:01:27]} e6 {[%clk 00:29:52]} {[%emt 00:02:53]} 17. h4 {[%clk
01:02:23]} {[%emt 00:08:01]} f5 {[%clk 00:28:21]} {[%emt 00:01:41]} 18. exf5
{[%clk 01:01:51]} {[%emt 00:00:43]} gxf5 {[%clk 00:28:21]} {[%emt 00:00:01]} 19.
Bh3 {[%clk 01:01:07]} {[%emt 00:00:55]} d5 {[%clk 00:27:49]} {[%emt 00:00:42]}
20. Rac1 {[%clk 00:54:47]} {[%emt 00:06:30]} Nd6 {[%clk 00:26:45]} {[%emt
00:01:14]} 21. b3 {[%clk 00:54:36]} {[%emt 00:00:21]} Bf6 {[%clk 00:24:07]}
{[%emt 00:02:48]} 22. Bg2 {[%clk 00:51:21]} {[%emt 00:03:24]} Kh8 {[%clk
00:23:39]} {[%emt 00:00:39]} 23. Ne2 {[%clk 00:48:41]} {[%emt 00:02:49]} Nb4
{[%clk 00:19:56]} {[%emt 00:03:53]} 24. Nc3 {[%clk 00:44:43]} {[%emt 00:04:08]}
Ne4 {[%clk 00:18:48]} {[%emt 00:01:18]} 25. Qe1 {[%clk 00:36:56]} {[%emt
00:07:57]} Nxc3 {[%clk 00:12:34]} {[%emt 00:06:25]} 26. Rxc3 {[%clk 00:36:56]}
{[%emt 00:00:08]} Nc2 {[%clk 00:11:52]} {[%emt 00:00:51]} 27. Qd2 {[%clk
00:34:40]} {[%emt 00:02:26]} Rxc3 {[%clk 00:11:43]} {[%emt 00:00:19]} 28. Qxc3
{[%clk 00:34:40]} {[%emt 00:00:04]} Rc8 {[%clk 00:11:43]} {[%emt 00:00:06]} 29.
Qd2 {[%clk 00:33:26]} {[%emt 00:01:23]} Nxe3 {[%clk 00:10:44]} {[%emt
00:01:10]} 30. Qxe3 {[%clk 00:32:55]} {[%emt 00:00:41]} Rc6 {[%clk 00:10:29]}
{[%emt 00:00:25]} 31. Re1 {[%clk 00:27:25]} {[%emt 00:05:39]} Qg7 {[%clk
00:09:09]} {[%emt 00:01:31]} 32. Rd1 {[%clk 00:26:36]} {[%emt 00:00:59]} Qc7
{[%clk 00:08:39]} {[%emt 00:00:40]} 33. Qh6 {[%clk 00:25:43]} {[%emt 00:01:03]}
Bg7 {[%clk 00:08:19]} {[%emt 00:00:31]} 34. Qe3 {[%clk 00:25:43]} {[%emt
00:00:08]} Qc8 {[%clk 00:07:14]} {[%emt 00:01:15]} 35. Re1 {[%clk 00:24:14]}
{[%emt 00:01:38]} Bf6 {[%clk 00:07:14]} {[%emt 00:00:02]} 36. Re2 {[%clk
00:22:44]} {[%emt 00:01:41]} Kg7 {[%clk 00:07:01]} {[%emt 00:00:23]} 37. Bh3
{[%clk 00:18:56]} {[%emt 00:03:58]} Kf7 {[%clk 00:05:44]} {[%emt 00:01:27]} 38.
Qd2 {[%clk 00:12:13]} {[%emt 00:06:53]} Qh8 {[%clk 00:05:01]} {[%emt 00:00:54]}
39. Qh6 {[%clk 00:11:28]} {[%emt 00:00:54]} Qg8 {[%clk 00:05:01]} {[%emt
00:00:05]} 40. Kh2 {[%clk 00:10:39]} {[%emt 00:00:58]} Qg6 {[%clk 00:04:30]}
{[%emt 00:00:42]} 41. Qe3 {[%clk 00:10:15]} {[%emt 00:00:33]} Bg7 {[%clk
00:03:29]} {[%emt 00:01:12]} 42. Bg2 {[%clk 00:09:44]} {[%emt 00:00:40]} Rc8
{[%clk 00:02:26]} {[%emt 00:01:13]} 43. Bf3 {[%clk 00:09:14]} {[%emt 00:00:41]}
Qf6 {[%clk 00:02:23]} {[%emt 00:00:12]} 44. Bh5+ {[%clk 00:08:24]} {[%emt
00:01:01]} Ke7 {[%clk 00:02:23]} {[%emt 00:00:01]} 45. Qe5 {[%clk 00:06:32]}
{[%emt 00:02:01]} Qxe5 {[%clk 00:01:36]} {[%emt 00:00:59]} 46. dxe5 {[%clk
00:06:32]} {[%emt 00:00:04]} Kd7 {[%clk 00:01:36]} {[%emt 00:00:08]} 47. f4
{[%clk 00:06:26]} {[%emt 00:00:16]} a5 {[%clk 00:01:10]} {[%emt 00:00:37]} 48.
a4 {[%clk 00:05:10]} {[%emt 00:01:25]} Rc3 {[%clk 00:00:42]} {[%emt 00:00:37]}
49. Rb2 {[%clk 00:04:27]} {[%emt 00:00:53]} b4 {[%clk 00:00:42]} {[%emt
00:00:02]} 50. Kg2 {[%clk 00:03:52]} {[%emt 00:00:44]} Bf8 {[%clk 00:00:42]}
{[%emt 00:00:02]} 51. Be2 {[%clk 00:03:25]} {[%emt 00:00:37]} Bc5 {[%clk
00:00:42]} {[%emt 00:00:06]} 52. Bd1 {[%clk 00:02:39]} {[%emt 00:00:55]} Be3
{[%clk 00:00:40]} {[%emt 00:00:13]} 53. Kf1 {[%clk 00:01:40]} {[%emt 00:01:10]}
Bd4 {[%clk 00:00:21]} {[%emt 00:00:29]} 54. Rd2 {[%clk 00:01:33]} {[%emt
00:00:15]} Be3 {[%clk 00:00:20]} {[%emt 00:00:12]} 55. Rb2 {[%clk 00:01:33]}
{[%emt 00:00:02]} Kc6 {[%clk 00:00:20]} {[%emt 00:00:10]} 56. Rc2 {[%clk
00:01:24]} {[%emt 00:00:19]} Kc5 {[%clk 00:00:20]} {[%emt 00:00:10]} 57. Ke2
{[%clk 00:01:24]} {[%emt 00:00:10]} Kd4 {[%clk 00:00:09]} {[%emt 00:00:20]} 58.
Rxc3 {[%clk 00:01:24]} {[%emt 00:00:02]} bxc3 {[%clk 00:00:09]} {[%emt
00:00:02]} 59. Bc2 {[%clk 00:01:24]} {[%emt 00:00:03]} Bc1 {[%clk 00:00:09]}
{[%emt 00:00:08]} 60. Bd1 {[%clk 00:01:24]} {[%emt 00:00:05]} Kc5 {[%clk
00:00:09]} {[%emt 00:00:08]} 61. Kd3 {[%clk 00:01:24]} {[%emt 00:00:07]} Bd2
{[%clk 00:00:09]} {[%emt 00:00:02]} 62. Ke2 {[%clk 00:01:24]} {[%emt 00:00:07]}
Kb4 {[%clk 00:00:09]} {[%emt 00:00:05]} 63. Kd3 {[%clk 00:00:18]} {[%emt
00:01:17]} Be1 {[%clk 00:00:09]} {[%emt 00:00:03]} 64. g4 {[%clk 00:00:18]}
{[%emt 00:00:02]} Bxh4 {[%clk 00:00:04]} {[%emt 00:00:15]} 65. gxf5 {[%clk
00:00:18]} {[%emt 00:00:06]} exf5 {[%clk 00:00:04]} 66. Kc2 {[%clk 00:00:05]}
{[%emt 00:00:23]} d4 {[%clk 00:00:04]} {[%emt 00:00:08]} 67. Be2 {[%clk
00:00:05]} {[%emt 00:00:02]} Kc5 {[%clk 00:00:04]} {[%emt 00:00:02]} 68. Bd3
{[%clk 00:00:05]} {[%emt 00:00:01]} Bg3 {[%clk 00:00:04]} {[%emt 00:00:05]} 69.
Bxf5 {[%clk 00:00:05]} {[%emt 00:00:03]} h6 {[%clk 00:00:04]} {[%emt 00:00:02]}
70. e6 {[%clk 00:00:05]} {[%emt 00:00:06]} Kd6 {[%clk 00:00:04]} {[%emt
00:00:04]} 71. Kd3 {[%clk 00:00:05]} {[%emt 00:00:02]} Bf2 {[%clk 00:00:04]}
{[%emt 00:00:08]} 72. Bg4 {[%clk 00:00:05]} {[%emt 00:00:03]} Be3 {[%clk
00:00:04]} {[%emt 00:00:05]} 73. f5 {[%clk 00:00:05]} {[%emt 00:00:02]} Ke7
{[%clk 00:00:04]} 74. Bh5 {[%clk 00:00:05]} {[%emt 00:00:03]} Kf6 {[%clk
00:00:04]} {[%emt 00:00:01]} 75. Bg6 {[%clk 00:00:05]} {[%emt 00:00:02]} Bf4
{[%clk 00:00:04]} {[%emt 00:00:05]} 76. Kc2 {[%clk 00:00:05]} {[%emt 00:00:04]}
Bd6 {[%clk 00:00:04]} {[%emt 00:00:02]} 77. Kd3 {[%clk 00:00:05]} {[%emt
00:00:02]} Kg5 {[%clk 00:00:04]} {[%emt 00:00:03]} 78. Kc2 {[%clk 00:00:05]}
{[%emt 00:00:04]} h5 {[%clk 00:00:04]} {[%emt 00:00:03]} 79. Bxh5 {[%clk
00:00:05]} {[%emt 00:00:03]} Kxh5 {[%clk 00:00:04]} {[%emt 00:00:02]} 80. f6
{[%clk 00:00:05]} {[%emt 00:00:02]} Kg6 {[%clk 00:00:04]} 81. e7 {[%clk
00:00:05]} Kf7 {[%clk 00:00:04]} 0-1

[Event "2023 National K-12 Grade Championships"]
[Site "Orlando, Florida, United States"]
[Date "2023.12.15"]
[Round "2.8"]
[White "Underwood, Toshinori"]
[Black "Yerrajennu, Sisira"]
[Result "1-0"]
[TimeControl "G/90;d10"]
[WhiteElo "2255"]
[BlackElo "1880"]

1. e4 {[%clk 01:30:00]} e5 {[%clk 01:24:15]} {[%emt 00:05:56]} 2. Nf3 {[%clk
01:30:00]} {[%emt 00:00:10]} Nc6 {[%clk 01:24:15]} {[%emt 00:00:11]} 3. Nc3
{[%clk 01:30:00]} {[%emt 00:00:04]} Bc5 {[%clk 01:23:28]} {[%emt 00:00:58]} 4.
Bb5 {[%clk 01:29:58]} {[%emt 00:00:12]} Nf6 {[%clk 01:23:00]} {[%emt 00:00:38]}
5. O-O {[%clk 01:29:58]} {[%emt 00:00:06]} d6 {[%clk 01:21:01]} {[%emt
00:02:09]} 6. d4 {[%clk 01:29:17]} {[%emt 00:00:50]} exd4 {[%clk 01:20:36]}
{[%emt 00:00:35]} 7. Nxd4 {[%clk 01:29:17]} {[%emt 00:00:04]} Bd7 {[%clk
01:20:00]} {[%emt 00:00:47]} 8. Bxc6 {[%clk 01:26:07]} {[%emt 00:03:20]} bxc6
{[%clk 01:18:45]} {[%emt 00:01:25]} 9. Bg5 {[%clk 01:23:00]} {[%emt 00:03:17]}
h6 {[%clk 01:17:33]} {[%emt 00:01:23]} 10. Bh4 {[%clk 01:22:09]} {[%emt
00:01:01]} O-O {[%clk 01:16:11]} {[%emt 00:01:32]} 11. Nf5 {[%clk 01:16:49]}
{[%emt 00:05:29]} Kh7 {[%clk 01:12:32]} {[%emt 00:03:49]} 12. Qf3 {[%clk
01:13:50]} {[%emt 00:03:08]} Rb8 {[%clk 01:04:13]} {[%emt 00:08:30]} 13. Na4
{[%clk 01:03:50]} {[%emt 00:10:10]} Bb6 {[%clk 01:01:58]} {[%emt 00:02:25]} 14.
Rad1 {[%clk 00:56:56]} {[%emt 00:07:04]} Re8 {[%clk 00:56:17]} {[%emt
00:05:50]} 15. Rfe1 {[%clk 00:52:02]} {[%emt 00:05:04]} Re6 {[%clk 00:50:55]}
{[%emt 00:05:33]} 16. Nxb6 {[%clk 00:41:54]} {[%emt 00:10:18]} axb6 {[%clk
00:50:07]} {[%emt 00:00:58]} 17. Nd4 {[%clk 00:26:23]} {[%emt 00:15:40]} Re8
{[%clk 00:40:05]} {[%emt 00:10:10]} 18. Nf5 {[%clk 00:22:27]} {[%emt 00:04:08]}
Re6 {[%clk 00:38:49]} {[%emt 00:01:26]} 19. Nd4 {[%clk 00:21:41]} {[%emt
00:00:56]} Re8 {[%clk 00:38:44]} {[%emt 00:00:15]} 20. e5 {[%clk 00:15:54]}
{[%emt 00:05:57]} dxe5 {[%clk 00:30:48]} {[%emt 00:08:06]} 21. Nxc6 {[%clk
00:15:53]} {[%emt 00:00:11]} Bxc6 {[%clk 00:28:48]} {[%emt 00:02:11]} 22. Qxc6
{[%clk 00:15:50]} {[%emt 00:00:12]} Qe7 {[%clk 00:27:13]} {[%emt 00:01:45]} 23.
Bxf6 {[%clk 00:15:50]} {[%emt 00:00:08]} Qxf6 {[%clk 00:21:59]} {[%emt
00:05:23]} 24. Qxf6 {[%clk 00:15:45]} {[%emt 00:00:15]} gxf6 {[%clk 00:21:59]}
{[%emt 00:00:08]} 25. Rd7 {[%clk 00:15:45]} {[%emt 00:00:06]} Kg6 {[%clk
00:20:50]} {[%emt 00:01:20]} 26. Rxc7 {[%clk 00:15:45]} {[%emt 00:00:02]} Rec8
{[%clk 00:20:25]} {[%emt 00:00:35]} 27. Rxc8 {[%clk 00:15:45]} {[%emt
00:00:02]} Rxc8 {[%clk 00:20:22]} {[%emt 00:00:13]} 28. Rc1 {[%clk 00:15:45]}
{[%emt 00:00:02]} b5 {[%clk 00:19:54]} {[%emt 00:00:38]} 29. a3 {[%clk
00:15:44]} {[%emt 00:00:11]} Rc5 {[%clk 00:19:30]} {[%emt 00:00:32]} 30. Kf1
{[%clk 00:15:14]} {[%emt 00:00:42]} Kf5 {[%clk 00:19:11]} {[%emt 00:00:29]} 31.
Ke2 {[%clk 00:15:14]} {[%emt 00:00:07]} Ke4 {[%clk 00:17:43]} {[%emt 00:01:38]}
32. c3 {[%clk 00:13:34]} {[%emt 00:01:50]} Kd5 {[%clk 00:16:06]} {[%emt
00:01:47]} 33. Kd3 {[%clk 00:13:02]} {[%emt 00:00:42]} f5 {[%clk 00:15:11]}
{[%emt 00:01:05]} 34. Rd1 {[%clk 00:12:52]} {[%emt 00:00:20]} f4 {[%clk
00:14:16]} {[%emt 00:01:05]} 35. Kc2+ {[%clk 00:11:51]} {[%emt 00:01:11]} Ke6
{[%clk 00:13:23]} {[%emt 00:01:03]} 36. Rd3 {[%clk 00:07:27]} {[%emt 00:04:34]}
Kf5 {[%clk 00:08:41]} {[%emt 00:04:52]} 37. Rd6 {[%clk 00:07:07]} {[%emt
00:00:29]} f6 {[%clk 00:07:49]} {[%emt 00:01:02]} 38. b4 {[%clk 00:06:57]}
{[%emt 00:00:21]} Rc4 {[%clk 00:07:10]} {[%emt 00:00:49]} 39. Rb6 {[%clk
00:06:39]} {[%emt 00:00:26]} Re4 {[%clk 00:06:59]} {[%emt 00:00:23]} 40. Kd2
{[%clk 00:06:29]} {[%emt 00:00:20]} f3 {[%clk 00:06:49]} {[%emt 00:00:20]} 41.
gxf3 {[%clk 00:06:13]} {[%emt 00:00:26]} Rh4 {[%clk 00:06:37]} {[%emt
00:00:21]} 42. Rxb5 {[%clk 00:06:00]} {[%emt 00:00:23]} Rxh2 {[%clk 00:06:31]}
{[%emt 00:00:15]} 43. Ke2 {[%clk 00:05:52]} {[%emt 00:00:19]} Rh1 {[%clk
00:06:14]} {[%emt 00:00:27]} 44. a4 {[%clk 00:05:52]} {[%emt 00:00:08]} h5
{[%clk 00:05:23]} {[%emt 00:01:01]} 45. a5 {[%clk 00:05:52]} {[%emt 00:00:08]}
Ra1 {[%clk 00:05:01]} {[%emt 00:00:31]} 46. Rb8 {[%clk 00:05:52]} {[%emt
00:00:07]} Ra2+ {[%clk 00:04:37]} {[%emt 00:00:34]} 47. Kf1 {[%clk 00:05:41]}
{[%emt 00:00:22]} Ra3 {[%clk 00:03:20]} {[%emt 00:01:27]} 48. Rh8 {[%clk
00:05:15]} {[%emt 00:00:36]} Rxc3 {[%clk 00:01:58]} {[%emt 00:01:32]} 49. b5
{[%clk 00:05:11]} {[%emt 00:00:14]} Rc5 {[%clk 00:01:47]} {[%emt 00:00:20]} 50.
a6 {[%clk 00:05:04]} {[%emt 00:00:17]} Rxb5 {[%clk 00:01:35]} {[%emt 00:00:22]}
51. a7 {[%clk 00:05:04]} {[%emt 00:00:01]} 1-0